[Event "London Classic op"]
[Site "London"]
[Date "2010.12.10"]
[Round "3"]
[White "Fegan, Chris"]
[Black "Remmler, Hans Peter"]
[Result "0-1"]
[WhiteElo "2003"]
[BlackElo "2209"]
[PlyCount "68"]
[EventDate "2010.12.08"]
[EventType "swiss"]
[EventRounds "9"]
[EventCountry "ENG"]
[SourceTitle "CBM 139 Extra"]
[Source "ChessBase"]
[SourceDate "2011.01.05"]
[SourceVersion "1"]
[SourceVersionDate "2011.01.05"]
[SourceQuality "1"]

1. d4 Nf6 2. Nf3 e6 3. e3 c5 4. Bd3 b6 5. 0-0 Bb7 6. Re1 d6 7. c3 Nbd7 8. e4 e5 9. Bg5 Be7 10. Nbd2 0-0 11. Nc4 Qc7 12. a4 Rfe8 13. b4 a6 14. d5 h6 15. Be3 Ng4 16. Bd2 f5 17. Ne3 Nxe3 18. fxe3 Nf6 19. Qc2 c4 20. Be2 Nxe4 21. g4 g6 22. Rad1 Bxd5 23. Bc1 Bb7 24. Rf1 Qc6 25. gxf5 gxf5 26. b5 axb5 27. axb5 Qxb5 28. Nd2 Kh8 29. Rxf5 Rg8+ 30. Kf1 Raf8 31. Rxf8 Rxf8+ 32. Kg1 Ng5 33. e4 Qc5+ 34. Kh1 Qf2 0-1

[Event "London Classic op"]
[Site "London"]
[Date "2010.12.08"]
[Round "1"]
[White "Kumar, Shankar"]
[Black "Remmler, Hans Peter"]
[Result "0-1"]
[WhiteElo "1795"]
[BlackElo "2209"]
[PlyCount "72"]
[EventDate "2010.12.08"]
[EventType "swiss"]
[EventRounds "9"]
[EventCountry "ENG"]
[SourceTitle "CBM 139 Extra"]
[Source "ChessBase"]
[SourceDate "2011.01.05"]
[SourceVersion "1"]
[SourceVersionDate "2011.01.05"]
[SourceQuality "1"]

1. d4 Nf6 2. Nf3 e6 3. g3 d5 4. c4 dxc4 5. Bg2 Nc6 6. 0-0 Rb8 7. a4 Bb4 8. e3 0-0 9. Qc2 Qe7 10. Nbd2 e5 11. dxe5 Nxe5 12. Nxe5 Qxe5 13. Qxc4 c5 14. Qf4 Qxf4 15. exf4 Bf5 16. Nf3 Bd3 17. Rd1 Be2 18. Rd6 c4 19. Rd4 Bd3 20. f5 Rbc8 21. Ne5 Bc5 22. Rh4 Rfe8 23. Nxd3 cxd3 24. Bd2 Re2 25. Be3 Bxe3 26. fxe3 d2 27. Kf1 Rc1+ 28. Rxc1 dxc1Q+ 29. Kxe2 Qxb2+ 30. Kf3 Kf8 31. Rd4 Ke7 32. h3 Nd7 33. Bf1 Ne5+ 34. Ke4 f6 35. g4 Qc2+ 36. Kd5 Qc6# 0-1

[Event "Verbandsliga Nord Baden 0910"]
[Site "Germany"]
[Date "2010.01.31"]
[Round "6.1"]
[White "Remmler, Hans Peter"]
[Black "Schrepp, Martin"]
[Result "0-1"]
[WhiteElo "2214"]
[BlackElo "2288"]
[PlyCount "100"]
[EventDate "2009.10.11"]
[EventType "team-tourn"]
[EventRounds "9"]
[EventCountry "GER"]
[SourceTitle "EXT 2011"]
[Source "ChessBase"]
[SourceDate "2010.11.26"]
[SourceVersion "1"]
[SourceVersionDate "2010.11.26"]
[SourceQuality "1"]
[WhiteTeam "Pforzheim"]
[BlackTeam "Hockenheim II"]
[WhiteTeamCountry "GER"]
[BlackTeamCountry "GER"]

1. e4 c5 2. Nf3 Nc6 3. d4 cxd4 4. Nxd4 Nf6 5. Nc3 e6 6. Ndb5 Bb4 7. a3 Bxc3+ 8. Nxc3 d5 9. exd5 exd5 10. Bd3 0-0 11. 0-0 h6 12. h3 Be6 13. Ne2 d4 14. Nf4 Bd7 15. Re1 Re8 16. Rxe8+ Bxe8 17. Nh5 Ne5 18. Bf1 Bc6 19. Nxf6+ Qxf6 20. f4 Ng6 21. Qg4 Re8 22. Bd2 a6 23. a4 Nh4 24. a5 Nf5 25. Bd3 Ne3 26. Bxe3 dxe3 27. c3 Rd8 28. Rd1 Ba4 29. Ra1 Bc6 30. Rd1 Ba4 31. Ra1 Rxd3 32. Rxa4 Qe7 33. Qc8+ Rd8 34. Re4 Qxe4 35. Qxd8+ Kh7 36. Qd1 e2 37. Qe1 Qe3+ 38. Kh1 Qd3 39. Kg1 Qe3+ 40. Kh1 f5 41. g3 Kg8 42. Kg2 g5 43. c4 gxf4 44. gxf4 h5 45. h4 Kf7 46. b4 Qe4+ 47. Kf2 Qxf4+ 48. Kxe2 Qxc4+ 49. Kd1 Qd4+ 50. Kc2 Qe4+ 0-1

[Event "London Classic op"]
[Site "London"]
[Date "2009.12.11"]
[Round "4"]
[White "Slavin, Alexei"]
[Black "Remmler, Hans Peter"]
[Result "1/2-1/2"]
[WhiteElo "2392"]
[BlackElo "2218"]
[PlyCount "89"]
[EventDate "2009.12.08"]
[EventType "swiss"]
[EventRounds "9"]
[EventCountry "ENG"]
[SourceTitle "CBM 133 Extra"]
[Source "ChessBase"]
[SourceDate "2010.01.05"]
[SourceVersion "1"]
[SourceVersionDate "2010.01.05"]
[SourceQuality "1"]

1. d4 Nf6 2. Nf3 e6 3. e3 c5 4. Bd3 b6 5. 0-0 Bb7 6. c4 cxd4 7. exd4 d5 8. cxd5 Nxd5 9. Ne5 Bd6 10. Qg4 Kf8 11. Nc3 Nd7 12. Nxd5 Bxd5 13. Qh5 Nxe5 14. dxe5 Bc5 15. Bg5 Qb8 16. Be3 Qb7 17. Qg4 h5 18. Qh3 Rc8 19. Rac1 h4 20. Rc2 Bxe3 21. Rxc8+ Qxc8 22. fxe3 Kg8 23. Qg4 h3 24. gxh3 Qc5 25. Qf4 Qe7 26. Rc1 Bb7 27. Be2 Rxh3 28. Bg4 Rh6 29. h3 Qd7 30. Qd4 Qd5 31. Qxd5 Bxd5 32. Rc8+ Kh7 33. Rc7 a5 34. Rxf7 Rg6 35. Kf2 Rg5 36. a3 Rxe5 37. Re7 Kg6 38. Re8 Bc4 39. Rc8 Rc5 40. Rxc5 bxc5 41. Kf3 Kf6 42. h4 Ke5 43. Kf2 Ke4 44. Bf3+ Kf5 45. Ke1 1/2-1/2

[Event "London Classic op"]
[Site "London"]
[Date "2009.12.09"]
[Round "2"]
[White "Ferguson, Mark"]
[Black "Remmler, Hans Peter"]
[Result "1/2-1/2"]
[WhiteElo "2410"]
[BlackElo "2218"]
[PlyCount "120"]
[EventDate "2009.12.08"]
[EventType "swiss"]
[EventRounds "9"]
[EventCountry "ENG"]
[SourceTitle "CBM 133 Extra"]
[Source "ChessBase"]
[SourceDate "2010.01.05"]
[SourceVersion "1"]
[SourceVersionDate "2010.01.05"]
[SourceQuality "1"]

1. e4 c5 2. Nf3 d6 3. Bb5+ Nc6 4. 0-0 Bd7 5. Re1 a6 6. Bxc6 Bxc6 7. d4 cxd4 8. Nxd4 g6 9. Nxc6 bxc6 10. Qd4 e5 11. Qa4 Qd7 12. c4 Be7 13. Nc3 Nf6 14. Bg5 Nh5 15. Bxe7 Kxe7 16. c5 dxc5 17. Qa5 Rhd8 18. Rad1 Qe6 19. Na4 Nf4 20. Qxc5+ Kf6 21. h3 Nd3 22. Qa5 Rd4 23. Re3 Rxa4 24. Qxa4 Nxb2 25. Qc2 Nxd1 26. Qxd1 Qxa2 27. Qc1 Qa4 28. Rf3+ Kg7 29. Qg5 Qd1+ 30. Kh2 Qd6 31. Rc3 Qf6 32. Qxf6+ Kxf6 33. Rxc6+ Ke7 34. Rc5 Kd6 35. Rd5+ Ke6 36. Ra5 f6 37. Kg3 Kd6 38. f4 exf4+ 39. Kxf4 Kc6 40. g4 Kb6 41. Rd5 a5 42. Rd6+ Kc5 43. Rxf6 a4 44. Kg5 a3 45. Rf1 Kd4 46. h4 a2 47. Ra1 Ke5 48. Kh6 Ra7 49. h5 gxh5 50. gxh5 Kxe4 51. Re1+ Kd3 52. Ra1 Kc3 53. Rxa2 Rxa2 54. Kxh7 Kd4 55. h6 Ke5 56. Kg7 Rg2+ 57. Kf7 Rh2 58. Kg7 Ke6 59. h7 Rg2+ 60. Kf8 Rh2 1/2-1/2

[Event "BL2-Sued 0809"]
[Site "Germany"]
[Date "2009.03.15"]
[Round "8.8"]
[White "Remmler, Hans Peter"]
[Black "Zwick, Rainer"]
[Result "1/2-1/2"]
[WhiteElo "2225"]
[BlackElo "2065"]
[PlyCount "71"]
[EventDate "2008.10.05"]
[EventType "team-tourn"]
[EventRounds "9"]
[EventCountry "GER"]
[SourceTitle "CBM 129 Extra"]
[Source "ChessBase"]
[SourceDate "2009.05.05"]
[SourceVersion "2"]
[SourceVersionDate "2009.05.20"]
[SourceQuality "1"]
[WhiteTeam "Boeblingen"]
[BlackTeam "Schwegenheim"]
[WhiteTeamCountry "GER"]
[BlackTeamCountry "GER"]

1. e4 e5 2. Bc4 Nf6 3. d3 c6 4. Nf3 d5 5. Bb3 Bg4 6. h3 Bh5 7. exd5 cxd5 8. g4 e4 9. dxe4 dxe4 10. Qxd8+ Kxd8 11. Ng5 h6 12. Nxf7+ Bxf7 13. Bxf7 Nc6 14. Be3 b6 15. Nd2 Ne5 16. Bb3 Bc5 17. Bxc5 bxc5 18. 0-0-0 Kc7 19. Rhe1 Rae8 20. Re3 Nc6 21. Bf7 Re5 22. Bg6 Rf8 23. Bxe4 Nxe4 24. Rxe4 Rxf2 25. Rxe5 Nxe5 26. Ne4 Rh2 27. Nxc5 Rxh3 28. Ne6+ Kc6 29. Nxg7 Nxg4 30. Rg1 Ne5 31. b3 Kd5 32. Nf5 h5 33. Ne7+ Kd6 34. Nc8+ Kd5 35. Ne7+ Kd6 36. Nc8+ 1/2-1/2

[Event "Wuerttemberg-ch MT"]
[Site "Tuebingen"]
[Date "2007.08.27"]
[Round "3"]
[White "Remmler, Hans Peter"]
[Black "Frick, Christoph"]
[Result "1/2-1/2"]
[WhiteElo "2256"]
[BlackElo "2240"]
[PlyCount "74"]
[EventDate "2007.08.25"]
[EventType "swiss"]
[EventRounds "9"]
[EventCountry "GER"]
[SourceTitle "CBM 120 Extra"]
[Source "ChessBase"]
[SourceDate "2007.11.01"]
[SourceVersion "1"]
[SourceVersionDate "2007.11.01"]
[SourceQuality "1"]

1. e4 g6 2. d4 Bg7 3. Nf3 d6 4. c4 Nf6 5. Nc3 0-0 6. Be2 e5 7. 0-0 Nc6 8. d5 Ne7 9. b4 Nh5 10. Re1 f5 11. Ng5 Nf4 12. Bxf4 exf4 13. Rc1 fxe4 14. Ncxe4 Nf5 15. c5 Nd4 16. Bc4 f3 17. Nxf3 Nxf3+ 18. gxf3 Be5 19. Ng3 Qg5 20. h4 Qf6 21. Kg2 Kh8 22. Rh1 Bd7 23. Ne4 Qf4 24. Be2 Bf5 25. Rc4 Qh6 26. Ng5 Bd7 27. Qd2 Qg7 28. f4 Bf6 29. cxd6 cxd6 30. Rc7 Bxg5 31. hxg5 Bh3+ 32. Rxh3 Qxc7 33. Bg4 Qf7 34. Kg3 Rae8 35. Be6 Rxe6 36. dxe6 Qxe6 37. Rh1 d5 1/2-1/2

[Event "Boeblingen op 23rd"]
[Site "Boeblingen"]
[Date "2006.12.30"]
[Round "9"]
[White "Remmler, Hans Peter"]
[Black "Schuelke, Tilman"]
[Result "1-0"]
[WhiteElo "2243"]
[BlackElo "2121"]
[PlyCount "69"]
[EventDate "2006.12.26"]
[EventType "swiss"]
[EventRounds "9"]
[EventCountry "GER"]
[SourceTitle "CBM 116 Extra"]
[Source "ChessBase"]
[SourceDate "2007.03.07"]
[SourceVersion "1"]
[SourceVersionDate "2007.03.07"]
[SourceQuality "1"]

1. d4 g6 2. e4 d6 3. Nc3 Bg7 4. Be3 Nf6 5. Be2 0-0 6. Nf3 c5 7. dxc5 Qa5 8. Nd2 dxc5 9. Nb3 Qc7 10. Nxc5 Rd8 11. Nd3 Nc6 12. 0-0 Qb8 13. h3 b5 14. Bf3 Ne5 15. Bf4 Nxf3+ 16. Qxf3 Qb6 17. Qe3 Qxe3 18. Bxe3 a6 19. Rfd1 Bb7 20. f3 Nd7 21. Ne2 Rac8 22. c3 a5 23. Rac1 Ba6 24. Kf2 e5 25. Rd2 f5 26. exf5 gxf5 27. Rcd1 Nb8 28. f4 exf4 29. Ndxf4 Re8 30. Nd4 Re4 31. Nxf5 Rf8 32. Rd8 Be5 33. Ne6 Rxd8 34. Rxd8+ Kf7 35. Ng5+ 1-0

[Event "Boeblingen op 23rd"]
[Site "Boeblingen"]
[Date "2006.12.29"]
[Round "6"]
[White "Strohhaeker, Raoul"]
[Black "Remmler, Hans Peter"]
[Result "1-0"]
[WhiteElo "2357"]
[BlackElo "2243"]
[PlyCount "55"]
[EventDate "2006.12.26"]
[EventType "swiss"]
[EventRounds "9"]
[EventCountry "GER"]
[SourceTitle "CBM 116 Extra"]
[Source "ChessBase"]
[SourceDate "2007.03.07"]
[SourceVersion "1"]
[SourceVersionDate "2007.03.07"]
[SourceQuality "1"]

1. e4 e5 2. Nf3 Nc6 3. d4 exd4 4. Nxd4 Bc5 5. Be3 Qf6 6. Nb5 Bxe3 7. fxe3 Kd8 8. N1c3 Nge7 9. Qd2 d6 10. Be2 a6 11. Nd4 Ne5 12. 0-0-0 Be6 13. Rdf1 Qh6 14. g4 Qh3 15. Rfg1 Bxg4 16. Rg3 Qh4 17. Bxg4 Nxg4 18. Nf3 Qf6 19. Qg2 h5 20. Re1 g6 21. h3 Ne5 22. Rf1 Ke8 23. h4 Qe6 24. b3 Ng4 25. Kd2 f6 26. Ne1 Rd8 27. Nd5 c6 28. Nc7+ 1-0

[Event "Boeblingen op 23rd"]
[Site "Boeblingen"]
[Date "2006.12.28"]
[Round "4"]
[White "Figura, Atila Gajo"]
[Black "Remmler, Hans Peter"]
[Result "1-0"]
[WhiteElo "2400"]
[BlackElo "2243"]
[PlyCount "59"]
[EventDate "2006.12.26"]
[EventType "swiss"]
[EventRounds "9"]
[EventCountry "GER"]
[SourceTitle "CBM 116 Extra"]
[Source "ChessBase"]
[SourceDate "2007.03.07"]
[SourceVersion "1"]
[SourceVersionDate "2007.03.07"]
[SourceQuality "1"]

1. d4 d5 2. c4 c6 3. Nc3 Nf6 4. e3 e6 5. Nf3 Nbd7 6. Qc2 Bd6 7. g4 Nxg4 8. Rg1 Qf6 9. Rxg4 Qxf3 10. Rxg7 Nf8 11. Rg1 Bd7 12. Bd2 Bxh2 13. Be2 Qh3 14. Rf1 0-0-0 15. 0-0-0 Bc7 16. e4 dxc4 17. e5 c5 18. Bg5 cxd4 19. Rxd4 Bxe5 20. Rxc4+ Bc6 21. Rxc6+ bxc6 22. Ba6+ Kc7 23. Nb5+ Kb8 24. Nd4 Rxd4 25. Qxc6 Qxf1+ 26. Bxf1 Nd7 27. Ba6 Rb4 28. Qxd7 Rb6 29. Be3 Bxb2+ 30. Kc2 1-0

[Event "Boeblingen op 21st"]
[Site "Boeblingen"]
[Date "2004.12.29"]
[Round "6"]
[White "Remmler, Hans Peter"]
[Black "Abel, Dennes"]
[Result "1/2-1/2"]
[WhiteElo "2240"]
[BlackElo "2127"]
[PlyCount "51"]
[EventDate "2004.12.26"]
[EventType "swiss"]
[EventRounds "9"]
[EventCountry "GER"]
[SourceTitle "CBM 104 Extra"]
[Source "ChessBase"]
[SourceDate "2005.03.01"]
[SourceVersion "1"]
[SourceVersionDate "2005.03.01"]
[SourceQuality "1"]

1. e4 c5 2. Nf3 Nc6 3. d4 cxd4 4. Nxd4 Nf6 5. Nc3 e5 6. Ndb5 d6 7. Nd5 Nxd5 8. exd5 Nb8 9. c4 Be7 10. Be2 0-0 11. 0-0 a6 12. Nc3 f5 13. f3 Nd7 14. Be3 f4 15. Bf2 Bh4 16. Qe1 Bxf2+ 17. Qxf2 a5 18. Rfe1 Nc5 19. Bf1 Bf5 20. Rxe5 dxe5 21. Qxc5 b6 22. Qf2 g5 23. Re1 Re8 24. Qd2 g4 25. fxg4 Bxg4 26. Bd3 1/2-1/2

[Event "Wuerttemberg-ch A"]
[Site "Stuttgart"]
[Date "2004.09.04"]
[Round "8"]
[White "Heinl, Thomas"]
[Black "Remmler, Hans Peter"]
[Result "1/2-1/2"]
[WhiteElo "2209"]
[BlackElo "2240"]
[PlyCount "22"]
[EventDate "2004.08.28"]
[EventType "swiss"]
[EventRounds "9"]
[EventCountry "GER"]
[SourceTitle "CBM 102 Extra"]
[Source "ChessBase"]
[SourceDate "2004.11.03"]
[SourceVersion "1"]
[SourceVersionDate "2004.11.03"]
[SourceQuality "1"]

1. e4 c5 2. Nf3 d6 3. d4 cxd4 4. Nxd4 Nf6 5. Nc3 g6 6. Be3 Bg7 7. Be2 Nc6 8. 0-0 0-0 9. Kh1 a6 10. f4 Qc7 11. Nb3 b5 1/2-1/2

[Event "Wuerttemberg-ch A"]
[Site "Stuttgart"]
[Date "2004.08.28"]
[Round "1"]
[White "Seibel, Ullrich"]
[Black "Remmler, Hans Peter"]
[Result "0-1"]
[WhiteElo "2139"]
[BlackElo "2240"]
[PlyCount "90"]
[EventDate "2004.08.28"]
[EventType "swiss"]
[EventRounds "9"]
[EventCountry "GER"]
[SourceTitle "CBM 102 Extra"]
[Source "ChessBase"]
[SourceDate "2004.11.03"]
[SourceVersion "1"]
[SourceVersionDate "2004.11.03"]
[SourceQuality "1"]

1. c4 e5 2. Nc3 Nf6 3. g3 d5 4. cxd5 Nxd5 5. Bg2 Nb6 6. Nf3 Nc6 7. 0-0 Be7 8. d3 0-0 9. a3 Re8 10. b4 Bf8 11. Ne4 Bg4 12. h3 Bxf3 13. Bxf3 Nd4 14. Bg2 c6 15. e3 Nf5 16. Qb3 a5 17. Bb2 a4 18. Qc2 Re6 19. Rad1 g6 20. Nc5 Bxc5 21. Qxc5 Nd7 22. Qc2 Rd6 23. d4 exd4 24. e4 Ng7 25. Bxd4 Qe7 26. Bb2 f6 27. Rxd6 Qxd6 28. Rd1 Qe6 29. f4 Ne8 30. Kh2 b5 31. e5 Ra6 32. exf6 Ndxf6 33. Qc3 Kf7 34. Re1 Qd6 35. Qe3 Ra8 36. Be5 Qe6 37. Qc3 Nd5 38. Qa1 Rc8 39. Bh8 Qf5 40. Bd4 Nef6 41. Qc1 Qd3 42. Ba1 Nh5 43. Rf1 Qxg3+ 44. Kh1 Ne3 45. Rg1 Ng4 0-1

[Event "BL2-Sued 0304"]
[Site "Germany"]
[Date "2003.??.??"]
[Round "?.7"]
[White "Pfleger, Michael"]
[Black "Remmler, Hans Peter"]
[Result "1-0"]
[WhiteElo "2205"]
[BlackElo "2240"]
[PlyCount "85"]
[EventDate "2003.10.??"]
[EventType "team-tourn"]
[EventRounds "9"]
[EventCountry "GER"]
[SourceTitle "CBM 100 Extra"]
[Source "ChessBase"]
[SourceDate "2004.07.06"]
[SourceVersion "2"]
[SourceVersionDate "2004.07.06"]
[SourceQuality "1"]
[WhiteTeam "Bad Mergentheim"]
[BlackTeam "Boeblingen"]
[WhiteTeamCountry "GER"]
[BlackTeamCountry "GER"]

1. e4 e5 2. Nc3 Nf6 3. g3 d5 4. exd5 Nxd5 5. Qe2 Nc6 6. a3 Be7 7. Bg2 Nd4 8. Qd1 c6 9. Nxd5 cxd5 10. c3 Nc6 11. Qb3 d4 12. Nf3 0-0 13. 0-0 Rb8 14. cxd4 Be6 15. Qd3 exd4 16. b4 b5 17. Re1 Bc4 18. Qb1 Rb6 19. d3 Bd5 20. Bf4 Bf6 21. Qc1 h6 22. Qc5 Bxf3 23. Bxf3 Qd7 24. Rac1 Nd8 25. Qh5 Ne6 26. Qf5 Qd8 27. Bd2 Bg5 28. Bxg5 Nxg5 29. Bg2 a6 30. h4 Ne6 31. Rc2 g6 32. Qg4 h5 33. Qf3 Qd6 34. Rec1 Kg7 35. Rc6 Qd8 36. Bh3 a5 37. Rxb6 Qxb6 38. Rc6 Qa7 39. Bxe6 fxe6 40. Qe4 Qe7 41. Qxd4+ Kg8 42. bxa5 e5 43. Qb6 1-0